Introduction to system design using integrated circuits /
Guardado en:
| Autor Principal: | |
|---|---|
| Formato: | Libro |
| Idioma: | English |
| Publicado: |
New York :
Wiley,
c1980.
|
| Materias: | |
| Etiquetas: |
Agregar Etiqueta
Sin Etiquetas, Sea el primero en etiquetar este registro!
|
| LEADER | 00841pam a22002535a 4500 | ||
|---|---|---|---|
| 001 | EIQ.libpla003893 | ||
| 008 | 801107s1980####nyua#####b####001#0#eng#d | ||
| 005 | 20080407182905.0 | ||
| 245 | 1 | 0 | |a Introduction to system design using integrated circuits / |c B. S. Sonde. |
| 260 | |a New York : |b Wiley, |c c1980. | ||
| 300 | |a xii, 261 p. : |b il. ; |c 24 cm. | ||
| 500 | |a "A Halsted Press book." | ||
| 504 | |a Bibliografía: p. [249]-251. | ||
| 500 | |a Incluye índice. | ||
| 020 | |a 0470271108 | ||
| 100 | 1 | |a Sonde, B. S. | |
| 082 | 0 | 0 | |a 621.381/73 |2 19 |
| 650 | 4 | |a Electrónica |x Diseño de sistemas. | |
| 650 | 4 | |a Electrónica |x Circuitos integrados. | |
| 650 | 4 | |a Electronics |x System design. | |
| 650 | 4 | |a Electronics |x Integrated circuits. | |
| 010 | |a 80026988 | ||
| 040 | |a DLC |c DLC |d AR-BbSID | ||
| 859 | |a AR-BbSID |b BIB. PLAPIQUI |h 621.381 |i So 57 |p 2395 | ||
